Adivina el jugador de fútbol según su trayectoria - Estadísticas

Estadísticas generales
  • Esta prueba ha sido intentada 4.220 veces
  • La puntuación promedio es 9 de 15
Estadísticas de respuestas
Trayectorias Respuestas % Correcto
F. C. Barcelona (2004-21)
Paris Saint-Germain F. C. (2021-23)
Inter Miami (2023-act)
Lionel Messi
99%
Sporting C. P. (2002-03)
Manchester United F. C. (2003-09)
Real Madrid C. F. (2009-18)
Juventus F. C. (2018-21)
Manchester United F. C. (2021-22)
Al-Nassr F. C. (2023-act)
Cristiano Ronaldo
98%
Santos F. C. (2009-13)
F. C. Barcelona (2013-17)
Paris Saint-Germain F. C. (2017-23)
Al-Hilal Saudi F. C. (2023-25) Santos F. C. (2025-act)
Neymar
96%
Grêmio F. B. P. A. (1998-2001)
París Saint-Germain F. C. (2001-03)
F. C. Barcelona (2003-08)
A. C. Milan (2008-11)
C. R. Flamengo (2011-12)
Atlético Mineiro (2012-14)
Querétaro F. C. (2014-15)
Fluminense F. C. (2015)
Ronaldinho
86%
Fluminense F. C.(2005-06)
Real Madrid C. F.(2006-22)
Olympiakos F. C.(2022-23)
Fluminense F. C.(2023-25)
Marcelo
76%
A. S. Mónaco (1994-98)
Juventus de Turín (1998-99)
Arsenal F. C. (1999-07)
F. C. Barcelona (2007-10)
New York Red Bulls (2010-14)
Arsenal F. C. (2012)
Thierry Henry
76%
PSV Eindhoven (2011-2015)
Manchester United F. C. (2015-2017)
Olympique de Lyon (2017-2021)
F. C. Barcelona (2021-2023)
Atlético de Madrid (2023-2024) S. C. Corinthians (2024-act)
Memphis Depay
70%
C. S. Marítimo "B" (2001-2002)
C. S. Marítimo (2002-2004)
F. C. Porto (2004-2007)
Real Madrid C. F. (2007-2017)
Beşiktaş J. K. (2017-2018)
F. C. Porto (2019-2024)
Pepe
69%
Deportivo Saprissa (2005-10)
Albacete Balompié (2010-12)
Levante U. D. (2011-12)
Levante U. D. (2012-14)
Real Madrid C. F. (2014-19)
Paris Saint-Germain F. C. (2019-24)
Nottingham Forest F. C. (2023) C.A. Newell's Old Boys (2025) C. Universidad Nacional (2025-presente)
Keylor Navas
62%
Kispest A. C./Budapesti Honvéd S. E. (1943-57) Real Madrid C. F. (1958-1966) Ferenc Puskás
57%
Montevideo Wanderers F. C. (2004-2007)
Nacional (2006-2007)
S. S. Lazio (2007-2011)
Galatasaray S. K. (2011-2025)
Estudiantes de La Plata (2025-Act.)
Fernando Muslera
38%
C. Universidad Nacional(1976-81) San Diego Sockers(1979-80) Atlético de Madrid(1981-85) Real Madrid C. F.(1985-92) C. América(1992-93) Rayo Vallecano(1993-94) C. F. Atlante(1994-95) F. C. Linz(1995-96) Dallas Burn(1996) Atlético Celaya(1997) Hugo Sánchez
35%
Talleres (C) (2007)
Huracán (2007-2009)
Palermo (2009-2011)
París Saint-Germain (2011-2018)
Roma (2018-2021)
Elche (2021-2023)
Qatar S. C. (2023)
Javier Pastore
35%
A. S. Monaco (1988-1997) Arsenal F. C. (1997-2000) FC Barcelona (2000-2001) Chelsea F. C. (2001-2004) Emmanuel Petit
22%
Botafogo F. R. (1959-1974)Olympique de Marsella (1974-1975) Kaizer Chiefs F. C. (1975) Cruzeiro E. C. (1976) Portuguesa F. C. (1977) E. C. Noroeste (1978-1979) Nacional Fast Clube (1979) C. D. Jorge Wilstermann (1980-1981) Botafogo F. R. (1981-1982) A. D. Nueve de Octubre (1982) Jairzinho
15%
No se encontraron pruebas coincidentes
Distribución de puntuación
Porcentaje de gente con cada puntuación
Porcentaje por número respondido
Historial de tus puntuaciones
No has intentado esta prueba.